| 000 | 01066nam a2200181 i 4500 | ||
|---|---|---|---|
| 001 | 186003 | ||
| 003 | ES-MaACL | ||
| 005 | 20230906222548.0 | ||
| 008 | 160902s1958 sp |||| | spa d | ||
| 245 | 0 | 0 | _aTercera floresta de incunables. |
| 260 |
_aValencia : _bLa Fonte que Mana y Corre, _c1958. |
||
| 300 |
_a55 h. ; _c25 cm. |
||
| 490 | 1 |
_aIncunables poéticos castellanos ; _v8 |
|
| 505 | 8 | _aContiene: 1. Diego de San Pedro. La Pasión trobada [Salamanca. L. Hutz y L. Sanz, c. 1494-95] 2. Coplas hechas sobre el casamiento de la hoja del rey de España... [Burgos. F. de Basilea, d. oct. 1496] 3. Jorge Manrique. Coplas a la muerte de su padre (contenidas en la ed. de Iñigo de Mendoza: Vita Christi por coplas) [Zaragoza, P. Hurus y J. Planck c. 1479-84] 4. Roman, Comendador. Obra sobre el fallecimiento del principe don Juan. [Toledo, G. Tellez c. 1498] 5. Iñigo de Mendoza. Gozos de Nuestra Señora. [Sevilla. J. Cromberger c. 1515?] | |
| 830 | 0 |
_aIncunables poéticos castellanos ; _v8 _9192454 |
|
| 852 |
_aES-MaACL _jE-3405 |
||
| 999 |
_c186003 _d186003 |
||